| 000 | 00392nam a2200157Ia 4500 | ||
|---|---|---|---|
| 008 | 230917s9999||||xx |||||||||||||| ||und|| | ||
| 020 | _cRS180 | ||
| 040 |
_e17972 _aMAIN |
||
| 041 | _aEnglish | ||
| 082 | _a001.64 J631X | ||
| 100 | _aJohnson, Eric F | ||
| 245 | 0 | _aX.Window: Applications programming | |
| 260 |
_aNew Delhi _bBPB Publications _c1990 |
||
| 300 | _axxii, 562 p. | ||
| 942 | _cBK | ||
| 999 |
_c65860 _d65860 |
||